| Tag |
First Indicator |
Second Indicator |
Subfields |
| LEADER |
00000cam a2200000 a 4500 |
| 001 |
in00000009609 |
| 005 |
20151007051627.0 |
| 008 |
850815s1987 ilua b s00110 eng |
| 010 |
|
|
|a 85016525
|
| 020 |
|
|
|a 0252012666
|
| 035 |
|
|
|a (OCoLC)12551705
|
| 035 |
|
|
|9 AAA3981AM
|
| 040 |
|
|
|a DLC
|c DLC
|d m/c
|d OCL
|d TXA
|d UtOrBLW
|
| 043 |
|
|
|a n-us-il
|
| 049 |
|
|
|a TXAM
|c [A11460993]
|
| 050 |
0 |
0 |
|a HD9418.C4
|b W33 1987
|
| 082 |
0 |
|
|a 338.4/76649029/0977311
|2 19
|
| 100 |
1 |
|
|a Wade, Louise Carroll,
|d 1928-
|
| 245 |
1 |
0 |
|a Chicago's pride :
|b the stockyards, Packingtown, and environs in the nineteenth century /
|c Louise Carroll Wade.
|
| 264 |
|
1 |
|a Urbana :
|b University of Illinois Press,
|c [1987]
|
| 264 |
|
4 |
|c ©1987
|
| 300 |
|
|
|a xvi, 423 pages :
|b illustrations ;
|c 24 cm.
|
| 336 |
|
|
|a text
|b txt
|2 rdacontent
|
| 337 |
|
|
|a unmediated
|b n
|2 rdamedia
|
| 338 |
|
|
|a volume
|b nc
|2 rdacarrier
|
| 504 |
|
|
|a Bibliography: pages 381-387.
|
| 500 |
|
|
|a Includes index.
|
| 650 |
|
0 |
|a Meat industry and trade
|z Illinois
|z Chicago
|x History.
|
| 650 |
|
0 |
|a Pork industry and trade
|z Illinois
|z Chicago
|x History.
|
| 650 |
|
0 |
|a Stockyards
|z Illinois
|z Chicago
|x History.
|
| 650 |
|
0 |
|a Packing-house workers
|z Illinois
|z Chicago
|x History.
|
| 651 |
|
0 |
|a Chicago (Ill.)
|x Social conditions.
|
| 740 |
0 |
|
|a Packingtown.
|
| 999 |
|
|
|a MARS
|
| 999 |
f |
f |
|s eaaec84c-4ec2-33d4-9256-ee38bc86ba58
|i bbea8b3a-225e-3db9-a01f-07fa4960bc5d
|t 0
|
| 952 |
f |
f |
|p ric
|a Texas A&M University
|b Rellis Campus
|c Joint Library Facility
|d Remote Storage
|t 0
|e HD9418.C4 W33 1987
|h Library of Congress classification
|i unmediated -- volume
|m A14811460993
|
| 998 |
f |
f |
|a HD9418.C4 W33 1987
|t 0
|l Remote Storage
|